| 000 | 00000nam##2200000za#4500 |
| 001 | 9.571778 |
| 003 | CaOODSP |
| 005 | 20210624182908 |
| 007 | cr ||||||||||| |
| 008 | 150406|2001||||xxc|||||o f|0| 0 eng|d |
| 040 | |aCaOODSP|beng |
| 043 | |an-cn--- |
| 086 | 1 |aNH18-23/96E-PDF |
| 110 | 2 |aCanada Mortgage and Housing Corporation. |
| 245 | 10|aHousing transition in single industry 'instant towns' |h[electronic resource] |
| 260 | |aOttawa - Ontario : |bCanada Mortgage and Housing Corporation |cNovember 2001. |
| 300 | |a4p. |
| 490 | 1 |aResearch highlight. Socio-economic series |v96 |
| 500 | |aOn cover: This highlight is based on a 1998 External Research Report |
| 590 | |a11-23-Supp|b2011-10-17 |
| 690 | 07|aHousing|2gcpds |
| 690 | 07|aLabour market|2gcpds |
| 775 | 08|tL'évolution de l'habitation dans les villes champignons à industrie unique |w(CaOODSP)9.602203 |
| 776 | 0#|tHousing transition in single industry 'instant towns' |w(CaOODSP)9.615914 |
| 830 | #0|aResearch highlight. Socio-economic series ;|v96|w(CaOODSP)9.505168 |
| 856 | 40|ahttp://publications.gc.ca|qPDF|s99 KB|uhttps://publications.gc.ca/collections/Collection/NH18-23-96E.pdf|y96 |